000 00492cam a2200193ua 4500
001 3665
005 20260515113718.0
008 120216n ii |||gr||||Z||||||asm
040 _cMAIN
082 _a809
100 _aGoswami, Taloikya Nath,
_eAuthor.
245 1 1 _aSahitya alochana
_cby Taloikya nath Goswami
250 _a3rd.
260 _aGuwahati:
_bBani Prakash pvt. ltd.,991.
300 _a325p:
_c23cm.
653 _aAssamese literature
653 _aSahitya alochana
942 _cBK
999 _c3492
_d3492